Online
Catalog

La crise revolutionnaire, 1789-1846. (Record no. 1085)

MARC details
000 -CABECERA
campo de control de longitud fija 00545cam a2200169u 4500
001 - NÚMERO DE CONTROL
campo de control 000001130
005 - FECHA Y HORA DE LA ÚLTIMA TRANSACCIÓN
campo de control 20200929145502.0
008 - DATOS DE LONGITUD FIJA--INFORMACIÓN GENERAL
campo de control de longitud fija 820312s1949 fr 000 0 fre
040 ## - FUENTE DE LA CATALOGACIÓN
Centro catalogador/agencia de origen DO-SdBNP
Lengua de catalogación spa
Centro/agencia transcriptor BNPHU
082 ## - NÚMERO DE LA CLASIFICACIÓN DECIMAL DEWEY
Número de documento/Ítem L493c
100 1# - ENTRADA PRINCIPAL--NOMBRE DE PERSONA
Nombre de persona Leflon, Jean,
Fechas asociadas al nombre 1893-1979.
9 (RLIN) 3866
245 13 - MENCIÓN DE TÍTULO
Título La crise revolutionnaire, 1789-1846.
260 ## - PUBLICACIÓN, DISTRIBUCIÓN, ETC.
Lugar de publicación, distribución, etc. [Paris] :
Nombre del editor, distribuidor, etc. Bloud & Gay,
Fecha de publicación, distribución, etc. 1949.
300 ## - DESCRIPCIÓN FÍSICA
Extensión 524 p. ;
Dimensiones 25 cm.
651 #0 - PUNTO DE ACCESO ADICIONAL DE MATERIA--NOMBRE GEOGRÁFICO
Nombre geográfico France
Subdivisión general History
Subdivisión cronológica Revolution, 1789-1799
Subdivisión general Religious Aspects.
9 (RLIN) 3867
610 20 - PUNTO DE ACCESO ADICIONAL DE MATERIA--NOMBRE DE ENTIDAD CORPORATIVA
Nombre de entidad corporativa o nombre de jurisdicción como elemento de entrada Catholic Church
Subdivisión general History. [from old catalog]
9 (RLIN) 3868
Holdings
Estado de retiro Estado de pérdida Restricciones de uso No para préstamo Código de colección Localización permanente Ubicación/localización actual Ubicación en estantería Fecha de adquisición Número de inventario Total de préstamos Signatura topográfica completa Código de barras Fecha visto por última vez Precio válido a partir de Tipo de ítem Koha
    Préstamo interno Préstamo en sala Dominicana de Servicio Biblioteca Nacional Pedro Henríquez Ureña Biblioteca Nacional Pedro Henríquez Ureña Depósito 04.09.2009 LF1   L493c 1130-10 25.06.2020 25.06.2020 Libros y folletos

Powered by Koha